| 000 | 00669nam a22002417a 4500 | ||
|---|---|---|---|
| 001 | 00090 | ||
| 003 | DO-SdBNP | ||
| 005 | 20180208111907.0 | ||
| 007 | 00090 | ||
| 008 | 160314b mx 1980 ||||| |||| 00| 0 spa d | ||
| 020 | _a9687064552 | ||
| 040 |
_aBPMSU _bspa _cBPMSU |
||
| 100 | 1 | _aAcuña, Manuel | |
| 245 | 1 | 0 |
_aPoesías patrioticas / _bManuel Acuña. |
| 246 | 1 | 0 | _aPoesías patrióticas y folklóricas y 10 corridos de la revolución. |
| 260 |
_aMéxico : _bLibro-Mex, _c1980 |
||
| 300 |
_a162 p. : _bil., _c19 cm. |
||
| 490 | 1 |
_aPoesías _v51 |
|
| 830 | 0 |
_aPoesías _n51 |
|
| 942 |
_2ddc _cBK |
||
| 945 | _aInventariado, 2018 /LP | ||
| 956 |
_aBrenda Tavárez _b10 |
||
| 999 |
_c9232 _d9232 |
||